LIBRARY & INFORMATION CENTRE, KCAET, TAVANUR

ONLINE PUBLIC ACCESS CATALOGUE (OPAC)

Elements of applied mechanics / (Record no. 196)

MARC details
000 -LEADER
fixed length control field 00507cam a2200205ua 4500
041 ## - LANGUAGE CODE
Language code of text/sound track or separate title eng
082 ## - DEWEY DECIMAL CLASSIFICATION NUMBER
Classification number 620.1
Item number JUN/EL
100 ## - MAIN ENTRY--AUTHOR NAME
Personal name Junnarkar, S B.
245 ## - TITLE STATEMENT
Title Elements of applied mechanics /
250 ## - EDITION STATEMENT
Edition statement 4 /
260 ## - PUBLICATION, DISTRIBUTION, ETC. (IMPRINT)
Place of publication Anand :
Name of publisher Charotar publishing house ,
Year of publication 1965.
300 ## - PHYSICAL DESCRIPTION
Number of Pages 483 ; .
650 ## - SUBJECT ADDED ENTRY--TOPICAL TERM
Topical Term Applied mechanics
942 ## - ADDED ENTRY ELEMENTS (KOHA)
Koha item type Books
Holdings
Withdrawn status Lost status Damaged status Home library Current library Date acquired Cost, normal purchase price Full call number Accession Number Koha item type
Withdrawn     KAUAET KAUAET 07/04/2012 12.50 620.1 JUN/EL 7628 Books
      KAUAET KAUAET 07/04/2012   620.1 JUN/EL 2542 Books
      KAUAET KAUAET 07/04/2012   620.1 JUN/EL 18703 Books
Withdrawn     KAUAET KAUAET 07/04/2012 12.50 620.1 JUN/EL 7627 Books
Withdrawn   Damaged KAUAET KAUAET 29/06/2020 12.50 620.1 JUN/EL 7624 Books
Withdrawn   Damaged KAUAET KAUAET 29/06/2020 12.50 620.1 JUN/EL 7625 Books
Withdrawn Lost and Paid For   KAUAET KAUAET 29/06/2020 12.50 620.1 JUN/EL 7626 Books
Withdrawn Lost and Paid For   KAUAET KAUAET 29/06/2020 12.50 620.1 JUN/EL 7629 Books
free website counter